« Retourner aux résultats de recherche
belle bleue (La)
océanologie
| Auteur principal: | Marguerite Tiberti |
|---|---|
| D'autres auteurs: | Capucine |
| Support: | Livres |
| Langue: | Francais |
| Genre: |
Documentaire jeunesse |
| Sujets: | |
| Étiquettes: |
Ajouter
Pas de Tags !
|
| LEADER | 01017nam0a2200193 450 | ||
|---|---|---|---|
| 001 | 16833322 | ||
| 010 | |a 978-2-35263-124-8 |b rel. |d 12,5 | ||
| 100 | |a 20150617d2015 u u0frey01 ba | ||
| 101 | 0 | |a fre | |
| 102 | |a FR | ||
| 200 | 0 | |a belle bleue (La) |e océanologie |f Marguerite Tiberti |g illustrations Mazille Capucine | |
| 207 | 1 | |a | |
| 215 | |a 1 vol. (38 p.) |c illustrations en couleur |d 22 x 29 cm | ||
| 330 | |a Une invitation à découvrir la vie sous-marine : les différents écosystèmes variant selon la pénétration du soleil, les espèces qui privilégient la surface ou se réfugient près du sable, la végétation des abysses et les oiseaux des littoraux, les poissons qui vivent en bancs ou de manière solitaire, les prédateurs et le plancton, etc. Electre 2015 | ||
| 700 | 0 | |a Tiberti |b Marguerite |4 70 | |
| 702 | 0 | |a Capucine |f 1977-.... |4 440 | |
| 900 | |a Documentaire jeunesse | ||
| 901 | |a Accessible au prêt | ||
| 995 | |a BD 13 |b 156 |c Bibliothèque |f 00156009240557 |h 00156009240557 |k E 577.7 TIB |o p |q j |r az |e BD 13 | ||
